<?xml version="1.0" encoding="UTF-8"?>
<record
    xmlns:xsi="http://www.w3.org/2001/XMLSchema-instance"
    xsi:schemaLocation="http://www.loc.gov/MARC21/slim http://www.loc.gov/standards/marcxml/schema/MARC21slim.xsd"
    xmlns="http://www.loc.gov/MARC21/slim">

  <leader>00804na  a2200229   4500</leader>
  <controlfield tag="001">23643</controlfield>
  <controlfield tag="003">MIRAKIL</controlfield>
  <controlfield tag="005">20181213155258.0</controlfield>
  <controlfield tag="008">171116b        tu            000 0      </controlfield>
  <datafield tag="040" ind1=" " ind2=" ">
    <subfield code="a">Milas</subfield>
    <subfield code="b">tur</subfield>
    <subfield code="c">TR-AnCHP</subfield>
  </datafield>
  <datafield tag="041" ind1=" " ind2=" ">
    <subfield code="a">tur</subfield>
  </datafield>
  <datafield tag="082" ind1=" " ind2=" ">
    <subfield code="a">956.93</subfield>
    <subfield code="b">B27y 2003</subfield>
  </datafield>
  <datafield tag="090" ind1=" " ind2=" ">
    <subfield code="a">956.93 B27y 2003</subfield>
  </datafield>
  <datafield tag="110" ind1=" " ind2=" ">
    <subfield code="a">Ba&#x15F;kent &#xDC;niversitesi</subfield>
  </datafield>
  <datafield tag="111" ind1=" " ind2=" ">
    <subfield code="a">28 &#x15E;ubat s&#xFC;recinde K&#x131;br&#x131;s, &#xE7;&#xF6;z&#xFC;mler ve &#xF6;neriler</subfield>
    <subfield code="c">Ankara</subfield>
    <subfield code="d">22 Ocak 2003</subfield>
  </datafield>
  <datafield tag="245" ind1=" " ind2=" ">
    <subfield code="a">28 &#x15E;ubat s&#xFC;recinde K&#x131;br&#x131;s, &#xE7;&#xF6;z&#xFC;mler ve &#xF6;neriler</subfield>
    <subfield code="c">Ba&#x15F;kent &#xDC;niversitesi Stratejik Ara&#x15F;t&#x131;rmalar Merkezi</subfield>
  </datafield>
  <datafield tag="260" ind1=" " ind2=" ">
    <subfield code="a">Ankara</subfield>
    <subfield code="b">Ba&#x15F;kent &#xDC;niversitesi Stratejik Ara&#x15F;t&#x131;rmalar Merkezi</subfield>
    <subfield code="c">2003</subfield>
  </datafield>
  <datafield tag="300" ind1=" " ind2=" ">
    <subfield code="a">54 s.</subfield>
    <subfield code="c">24 sm.</subfield>
  </datafield>
  <datafield tag="650" ind1=" " ind2=" ">
    <subfield code="a">K&#x131;br&#x131;s sorunu</subfield>
    <subfield code="x">Sorunlar ve &#xE7;&#xF6;z&#xFC;mler</subfield>
  </datafield>
  <datafield tag="650" ind1=" " ind2=" ">
    <subfield code="a">K&#x131;br&#x131;s sorunu</subfield>
    <subfield code="x">Tart&#x131;&#x15F;malar</subfield>
  </datafield>
  <datafield tag="942" ind1=" " ind2=" ">
    <subfield code="2">ddc</subfield>
    <subfield code="c">BKS</subfield>
  </datafield>
  <datafield tag="952" ind1=" " ind2=" ">
    <subfield code="a">0001</subfield>
    <subfield code="b">0001</subfield>
    <subfield code="d">2017-11-16</subfield>
    <subfield code="e">2</subfield>
    <subfield code="l">0</subfield>
    <subfield code="o">956.93 B27y 2003</subfield>
    <subfield code="p">017633</subfield>
    <subfield code="r">2017-11-16 00:00:00</subfield>
    <subfield code="v">0.00</subfield>
    <subfield code="w">2017-11-16</subfield>
    <subfield code="y">BKS</subfield>
  </datafield>
  <datafield tag="999" ind1=" " ind2=" ">
    <subfield code="c">9832</subfield>
    <subfield code="d">9832</subfield>
  </datafield>
</record>
